[Event "FIDE-Wch k.o."]
[Site "Groningen"]
[Date "1997.12.11"]
[Round "2.1"]
[White "Seirawan, Yasser"]
[Black "Ivanchuk, Vassily"]
[Result "1-0"]
[WhiteElo "2630"]
[BlackElo "2725"]
[Annotator "Hazai,L"]
[PlyCount "43"]
[EventDate "1997.12.09"]
[EventType "k.o."]
[EventRounds "7"]
[EventCountry "NED"]
[SourceTitle "CBM 063"]
[Source "ChessBase"]
[SourceDate "1998.03.26"]
[SourceVersion "1"]
[SourceVersionDate "1998.03.26"]
[SourceQuality "1"]

1. d4 {Baburin} Nf6 2. c4 g6 3. Nc3 Bg7 4. e4 d6 5. Bd3 e5 (5... O-O 6. Nge2 c5
(6... Nc6 7. O-O Nd7 ({or} 7... e5 8. d5 Nd4 9. Nxd4 exd4 10. Ne2) 8. Be3 e5 {
are the standard and typical King's Indian solutions here.}) 7. d5 e6 {may
lead to a Benoni, which is not that bad according to nowadays theory.}) 6. d5
a5 {Black is waiting with his castles and playing for a dark-square strategy.}
7. Nge2 Na6 8. f3 {This Bd3 line many times transposes to Samish type of
positions.} Nd7 9. Be3 {White is not afraid of Black's positional threat of
exchanging the dark-squared B. Usually this is a double-edged operation. From
statical point of view this is good for Black, because he gets rid off the
passive B. From dynamical point of view after this exchange he cannot open up
the position with f7-f5 so effectively, as in case of having a B on the long /
^. Black's position ramains passive, and he has to control a lot of dark
squares, where White can blow up the position.} (9. O-O O-O 10. Be3 Nb6 (10...
Ndc5 11. Bc2 f5 12. exf5 gxf5 13. f4 $14) 11. b3 c6 12. Qe1 (12. Rc1) 12... f5
13. Qf2 c5 14. exf5 gxf5 15. Rac1 a4 16. Nb5 Qd7 17. Nec3 e4 $13 {Seirawan-I.
Igor, USA-ch Los Angeles 1991}) {Baburin: Here Ivanchuk decided to echange the
bishops with a rather standard move} 9... Bh6 $5 {Although, the idea of
trading a 'bad' bishop for a good one is very logical, it has some drawbacks:
this operation takes time and then Black needs to worry about some weakening
of his kingside. Finally we should state that White has a significant space
advantage and his remaining bishop is not really bad.} 10. Qd2 (10. Bxh6 Qh4+)
10... Bxe3 11. Qxe3 c6 $6 {Opening up the position is against the principles
now especially having the K in the middle. Baburin: A risky decision - Black
creates tension in the centre, while his king is not safe and its future is
very unclear.} (11... h5 12. O-O Qf6 {was recommended, although after} 13. b3
$1 (13. a3 Nac5 14. Bc2 (14. Nb5 Qd8) 14... a4 15. Nb5 Qd8) 13... O-O 14. a3 {
White has good chances on the <<.}) (11... O-O $5) (11... Qh4+ 12. g3 Qe7 13.
h4 Ndc5 (13... Nac5 {Baburin} 14. O-O-O {where White's chances are better.})
14. Bc2 Bd7 15. O-O-O $16) 12. Qh6 $1 {Now Black is deprived from castling.
Baburin: The weakness of the kingside becomes apparent. White might play
something like h2-h4-h5, so Black needs to come up with counterplay.} (12. O-O
$2 Qb6) 12... Ndc5 (12... Qf6 {/\ g5 is answered by} 13. h4) (12... Nac5 $142
13. Rd1 Nb6 14. b3 Qe7 $16 (14... a4 15. Bc2)) 13. Rd1 Qb6 $2 {Now the Q
leaves the >> as well. Baburin: After this mistake Black's position, already
difficult, becomes critical. The text weakens the d6-pawn, which now lacks
protection.} (13... Qf6 14. Bc2 $1 (14. Bb1 Bd7 {/\ 0-0-0}) (14. dxc6 bxc6 15.
Bb1) 14... Bd7 15. O-O O-O-O 16. a3 $16) 14. Bb1 Ke7 {[#]} (14... Qxb2 15. dxc6
bxc6 16. Qg7 (16. Rxd6 $18 {Baburin}) 16... Rf8 17. Rxd6) 15. f4 $1 $18 {
White has to open up the <->s and /^s against the K in the middle. Baburin:
Seirawan leads the attack with great energy - Black's king won't find peace in
this game. At the same time his white colleague is absolutely safe in the
centre.} exf4 16. Rf1 $1 {White brings his last inactive piece into the battle.
} (16. dxc6 $5 bxc6 17. Nxf4) ({Baburin: Also good would be the immediate} 16.
Qxf4 {Baburin}) 16... Rf8 17. Qxf4 f6 18. dxc6 Qxc6 19. Nd4 Qe8 (19... Qd7 20.
Nd5+ Kd8 21. Nb6 $18) 20. Nd5+ Kd8 21. Qxd6+ Bd7 22. Nb5 {This was one of the
first big surprises in Groningen!} (22. Nb5 Nxe4 23. Bxe4 Qxe4+ 24. Kf2 Qh4+
25. Kg1 Rf7 26. Rxf6 $18 (26. Rfe1)) 1-0

[Event "Linares 15th"]
[Site "Linares"]
[Date "1998.02.25"]
[Round "4"]
[White "Ivanchuk, Vassily"]
[Black "Kasparov, Garry"]
[Result "1/2-1/2"]
[WhiteElo "2740"]
[BlackElo "2825"]
[Annotator "ChessBase"]
[PlyCount "99"]
[EventDate "1998.02.22"]
[EventType "tourn"]
[EventRounds "12"]
[EventCountry "ESP"]
[EventCategory "21"]
[SourceTitle "CBM 064"]
[Source "ChessBase"]
[SourceDate "1998.06.02"]
[SourceVersion "1"]
[SourceVersionDate "1998.06.02"]
[SourceQuality "1"]

1. d4 Nf6 2. c4 g6 3. g3 c6 4. Bg2 Bg7 5. Nf3 d5 6. cxd5 cxd5 7. O-O O-O 8. Nc3
Ne4 9. Nd2 f5 $5 (9... Nf6 10. Nb3 $36) 10. Ndxe4 dxe4 11. Qb3+ Kh8 12. Rd1 Nc6
13. Be3 Bd7 14. Rac1 (14. Qxb7 Rb8 15. Qa6 Nb4 16. Qxa7 Nc2 17. Rab1 Nxe3 18.
fxe3 Bh6 {-+Kasparov ץg2} 19. d5 Rb6 20. Kf2 {Seems to be not so clear.})
14... Rc8 15. Qa3 Qa5 $11 16. Qxa5 Nxa5 17. b3 Nc6 18. f3 exf3 19. exf3 f4 $1
20. Bf2 (20. gxf4 Nb4 21. a3 Rxc3 22. Rxc3 Nd5 23. Rcd3 Bf5 $11) 20... e5 $5 (
20... b6) 21. Ne2 (21. dxe5 Nxe5 22. gxf4 Rxf4 23. Bg3 Rf7 $11) 21... Nxd4 $2 (
21... fxg3 $142 22. hxg3 exd4 23. Nxd4 Nxd4 24. Rxc8 Ne2+ 25. Kf1 Nxg3+ 26.
Bxg3 Bxc8 $19) 22. Nxd4 exd4 (22... Rxc1 23. Rxc1 exd4 24. Rd1 Bc6 25. Bxd4
fxg3 26. hxg3 Bxd4+ 27. Rxd4 Bxf3 28. Rd7 a5 29. Bxf3 Rxf3 30. Kg2 Rc3 31. Rxb7
Rc2+ 32. Kf3 Rxa2 {=/=/+}) 23. Rxc8 Rxc8 24. Bxd4 Bxd4+ 25. Rxd4 Rc1+ 26. Kf2
Rc2+ 27. Ke1 $8 Bc6 28. Rd2 Rxd2 29. Kxd2 $11 g5 30. gxf4 gxf4 31. Kc3 Kg7 32.
Kd4 Kf6 33. b4 b6 34. a3 Bb7 35. Bh1 Ba8 36. Bg2 Bc6 37. Bh1 Ke6 38. Bg2 Kd6
39. Bh1 a5 40. bxa5 bxa5 41. Bg2 a4 42. Bh1 Ba8 43. Bg2 Bb7 44. Bh1 Ke6 45. Bg2
Kf6 46. Bh1 Kg5 47. Ke5 h5 48. Bg2 h4 49. h3 Ba6 50. Ke4 1/2-1/2

[Event "Amber-blindfold 07th"]
[Site "Monte Carlo"]
[Date "1998.03.17"]
[Round "5"]
[White "Ivanchuk, Vassily"]
[Black "Lautier, Joel"]
[Result "1-0"]
[WhiteElo "2740"]
[BlackElo "2645"]
[PlyCount "105"]
[EventDate "1998.03.13"]
[EventType "tourn (rapid)"]
[EventRounds "11"]
[EventCountry "MNC"]
[EventCategory "18"]
[SourceTitle "CBM 063 Extra"]
[Source "ChessBase"]
[SourceDate "1998.04.29"]
[SourceVersion "1"]
[SourceVersionDate "1998.04.29"]
[SourceQuality "1"]

1. e4 c5 2. Nf3 Nc6 3. d4 cxd4 4. Nxd4 e6 5. Nb5 d6 6. c4 Nf6 7. N1c3 a6 8. Na3
Be7 9. Be2 O-O 10. O-O b6 11. Be3 Bb7 12. Rc1 Rc8 13. Qb3 Nd7 14. Rfd1 Qc7 15.
Rd2 Nc5 16. Qd1 Qb8 17. Nab1 Ne5 18. f3 Rfd8 19. Kh1 Ba8 20. Qg1 Kh8 21. b3 g5
22. Bd4 Ncd7 23. Na4 Rc6 24. Na3 Rdc8 25. Nc2 b5 26. Nb2 b4 27. Rcd1 Rg8 28.
Nd3 a5 29. Bb2 Rcc8 30. Nd4 Bc6 31. Qe3 Rg6 32. c5 Nxc5 33. Nxc5 dxc5 34. Nf5
exf5 35. exf5 f6 36. fxg6 hxg6 37. f4 gxf4 38. Qh3+ Kg7 39. Bxe5 fxe5 40. Qe6
Rc7 41. Qxe5+ Bf6 42. Rd7+ Bxd7 43. Rxd7+ Rxd7 44. Qxb8 Re7 45. Qb5 Bd4 46. g3
g5 47. Kg2 Kf6 48. Bg4 Re1 49. Qxa5 Ra1 50. Kh3 Re1 51. Qd8+ Kg6 52. Qd6+ Kg7
53. Bh5 1-0

[Event "Amber-rapid 07th"]
[Site "Monte Carlo"]
[Date "1998.03.16"]
[Round "4"]
[White "Ivanchuk, Vassily"]
[Black "Karpov, Anatoly"]
[Result "0-1"]
[WhiteElo "2740"]
[BlackElo "2735"]
[PlyCount "134"]
[EventDate "1998.03.13"]
[EventType "tourn (rapid)"]
[EventRounds "11"]
[EventCountry "MNC"]
[EventCategory "18"]
[SourceTitle "CBM 063 Extra"]
[Source "ChessBase"]
[SourceDate "1998.04.29"]
[SourceVersion "1"]
[SourceVersionDate "1998.04.29"]
[SourceQuality "1"]

1. e4 c6 2. d4 d5 3. e5 Bf5 4. Nf3 e6 5. Be2 Ne7 6. O-O c5 7. dxc5 Nec6 8. Be3
Nd7 9. c4 dxc4 10. Na3 Bxc5 11. Bxc5 Nxc5 12. Nxc4 O-O 13. Qc1 Nd3 14. Qe3 Qd5
15. Nd6 Ndxe5 16. Rfd1 Nxf3+ 17. Bxf3 Qe5 18. Qxe5 Nxe5 19. Bxb7 Rab8 20. Rd2
Nc4 21. Nxc4 Rxb7 22. f3 g5 23. Kf2 Rc7 24. b3 Kg7 25. Rad1 Kf6 26. Rd6 Rb8 27.
Ne3 Rc5 28. b4 Rcc8 29. Ra6 Rb7 30. a4 Bg6 31. b5 Kg7 32. Rd4 Rc3 33. h4 h6 34.
hxg5 hxg5 35. Nc4 Rc2+ 36. Kg3 Kh6 37. Rc6 Ra2 38. Nd6 Re7 39. Rdc4 f5 40. Nc8
f4+ 41. Kh2 Rh7 42. Rxe6 Kg7+ 43. Kg1 Ra1+ 44. Kf2 Rhh1 45. Rc7+ Kh6 46. Rcc6
Ra2+ 47. Re2 Raa1 48. Ree6 Kh5 49. Nxa7 Ra2+ 50. Re2 Bd3 51. Rce6 Bxe2 52. Rxe2
Rxa4 53. Nc6 Raa1 54. Re7 Ra2+ 55. Re2 Rxe2+ 56. Kxe2 Kh4 57. Kd3 Rb1 58. Kc4
Kg3 59. Nb4 Kxg2 60. b6 Rc1+ 61. Kd5 Rc8 62. Ke4 Re8+ 63. Kf5 Kxf3 64. Kxg5 Kg3
65. Nd3 f3 66. Kf5 f2 67. Nxf2 Kxf2 0-1

[Event "Presidents Cup "]
[Site "Elista"]
[Date "1998.05.17"]
[Round "4.2"]
[White "Ivanchuk, Vassily"]
[Black "Bareev, Evgeny"]
[Result "1/2-1/2"]
[WhiteElo "2740"]
[BlackElo "2675"]
[Annotator "Kostakiev,D"]
[PlyCount "40"]
[EventDate "1998.05.07"]
[EventType "k.o."]
[EventRounds "6"]
[EventCountry "RUS"]
[SourceTitle "CBM 065"]
[Source "ChessBase"]
[SourceDate "1998.08.06"]
[SourceVersion "1"]
[SourceVersionDate "1998.08.06"]
[SourceQuality "1"]

1. e4 c6 2. d4 d5 3. Nc3 dxe4 4. Nxe4 Bf5 5. Ng3 Bg6 6. h4 h6 7. Nf3 Nf6 (7...
e6 {1-0 Ivanchuk,V-Bareev,E/President's Cup 1998/CBM 65_03}) (7... Nd7 {
+/- Papazov,I-Zidarov,S/tt ch Bg 1994}) 8. Ne5 Bh7 9. Bd3 Bxd3 10. Qxd3 e6 11.
Bd2 (11. Bf4 {1/2-1/2 Emms,J-Teske,H/BL9697 1997/BL9697 (16)}) (11. Bf4 {
1/2-1/2 Kudrin,S-Magem Badals,J/Tan Chin Nam, Beijing CHN 1998 (18)}) (11. Ne4
{0-1 Salamero,F-Garcia Palermo,C/Ibercaja op 1994/TD 94\02 (17)}) (11. Bf4 Nbd7
12. O-O-O Be7 13. Kb1 O-O 14. Qe2 a5 15. c4 a4 {1/2-1/2 Ivanchuk,V-Anand,V/
Chess Classic Giants 1998 (30)}) 11... Nbd7 12. Qe2 (12. Ng6 {0-1 Belotti,
B-Garcia Palermo,C/Reggio Emilia 1994/CBM 45 (18)}) 12... c5 13. Nxd7 (13. Bc3
cxd4 14. Bxd4 Nxe5 15. Bxe5 Qa5+ $132) 13... Qxd7 14. dxc5 Bxc5 15. O-O-O (15.
Bc3 $5 Rd8 16. O-O Be7 17. Rad1 $14) 15... Qa4 16. Bc3 Be7 17. Kb1 Rc8 (17...
O-O 18. Bxf6 Bxf6 19. Ne4 $14) 18. Bxf6 Bxf6 19. Ne4 Ke7 (19... Be5 20. Rhe1
$14) 20. g3 (20. Nxf6 gxf6 21. g4 Rhd8 22. Rhe1 $14) 20... Bxb2 (20... Bxb2 21.
Kxb2 Qb4+ (21... Rc6 $2 22. c3 $16) 22. Ka1 (22. Kc1 $2 Rc4 $17) 22... f5 23.
Nd6 Qc3+ 24. Kb1 Qb4+ 25. Kc1 Qa3+ $11) 1/2-1/2

[Event "Dortmund SuperGM 26th"]
[Site "Dortmund"]
[Date "1998.06.28"]
[Round "3"]
[White "Jussupow, Artur"]
[Black "Ivanchuk, Vassily"]
[Result "1/2-1/2"]
[WhiteElo "2630"]
[BlackElo "2740"]
[Annotator "Hazai,L"]
[PlyCount "45"]
[EventDate "1998.06.26"]
[EventType "tourn"]
[EventRounds "9"]
[EventCountry "GER"]
[EventCategory "18"]
[SourceTitle "CBM 066"]
[Source "ChessBase"]
[SourceDate "1998.09.30"]
[SourceVersion "1"]
[SourceVersionDate "1998.09.30"]
[SourceQuality "1"]

1. d4 {Huzman} d6 2. c4 g6 3. Nc3 Bg7 4. Nf3 Nf6 5. Bg5 h6 {Black has an
original idea in his mind waiting with castles.} (5... O-O) 6. Bh4 g5 7. Bg3
Nh5 {This is the most direct approach here. Black wants to eliminate White's
important B at an expence of weakening his >> pawns.} 8. e3 c5 (8... e6 {
is a flexible, but somehow passive alternative resembling to some Queen's
Indian positions.} 9. Be2 (9. Nd2 Nxg3 10. hxg3 c5 {This is logical, if it
cannot be refuted outright because of the weakness on d6.} (10... Nd7 {or}) (
10... Qe7 {are flexible alternatives.}) 11. dxc5 dxc5 12. Nde4 Qxd1+ 13. Rxd1
Nd7 14. g4 (14. Be2 $5) 14... Ke7 15. Be2 b6 16. Nd6 Bxc3+ 17. bxc3 Nf6 18. Bf3
Rb8 $11 {Smyslov-Quinteros, Dortmund 1986}) 9... Nd7 (9... Nc6 {is the main
line of ECO, but it doesn't look very impressive. The idea is to finish the
development quickly by Bd7 Qe7 and 0-0-0. However this looks rather passive
and the K is not in safety on the << either.} 10. Nd2 Nxg3 11. hxg3 Bd7 (11...
Qe7 12. g4 (12. Bf3 $5) 12... Bd7 13. Nf1 O-O-O 14. Ng3 Rdf8 15. Nh5 f5 $13 {
Doda-Botvinnik, Beverwijk 1959}) 12. Bf3 Qe7 13. Nb5 Kd8 {This game can
possibly improved by White.} 14. Qb3 a5 15. Nc3 Ra7 16. O-O-O a4 17. Qa3 f5 18.
Rde1 Qf6 $13 {Moiseev-Balashov, SU (ch) 1970}) 10. Qd3 $1 (10. Nd2 Nxg3 11.
hxg3 O-O 12. Qc2 f5 13. f4 (13. g4 Nf6 14. gxf5 exf5 15. Nf1 c6 16. Ng3 Qa5 17.
a3 f4 18. b4 Qc7 $13 {Maslov-Stein, Moscow 1972}) 13... c5 14. O-O-O cxd4 15.
exd4 g4 16. Nb3 Nf6 $11 {Antunac-Quinteros, Wijk aan Zee II 1973}) (10. Qc2 Qe7
11. Nd2 Nxg3 12. hxg3 Nf6 13. O-O-O Bd7 14. Bf3 O-O-O 15. Qb3 c6 16. Qa3 Kb8
17. Nb3 {1/2:1/2 Inkiov-V.Dimitrov, Bulgaria (cht) 1991}) 10... f5 (10... Qe7
11. Nd2 Nxg3 12. hxg3) 11. Nd2 Nxg3 12. hxg3 O-O 13. g4 $1 Nf6 14. gxf5 exf5
15. O-O-O c6 16. f3 {(Kovacevic-Thipsay, Thessaloniki (ol) 1988)} a6 17. Nf1 $1
$14 {/\ Ng3 Kovacevic}) 9. d5 (9. dxc5 Nxg3 10. hxg3 dxc5 (10... Qa5 $143 11.
cxd6 Bxc3+ 12. bxc3 Qxc3+ 13. Nd2) 11. Qxd8+ (11. Qc2 Nc6 12. Be2 Be6 (12... e6
13. Rd1 Qe7 14. Ne4 {/\} O-O $2 15. Nexg5 $1) 13. a3 Qa5 14. Rc1 Rd8 15. Nd2
Qc7 16. f4 O-O 17. O-O b6 18. Rcd1 Bc8 19. Nd5 Qb8 20. Nf3 e6 21. Nc3 f5 $13 {
Landenbergue-Gallagher, Grand-Prix Suisse 1993}) 11... Kxd8 {This _|_ can
easily be defended.} 12. O-O-O+ Bd7 (12... Nd7 {is less nice, but still not
bad.} 13. Be2 e6 14. Ne4 Ke7 15. Rd2 b6 16. Nd6 a6 (16... g4 17. Rhd1 Rd8 18.
Ne1 h5 19. Nc2 Be5 20. Nxc8+ Raxc8 $11 {Frois,A-Damljanovic,B/Magistral
Algarve, Vila Real de Santo A 1998/0-1 (51)}) 17. Rhd1 Ra7 $11 {Benko-Fischer,
Yugoslavia (ct) 1959}) 13. Be2 Nc6 14. Nd2 b6 $11 {Smyslov-Petrosian,
Yugoslavia (ct) 1959} (14... b6 {Huzman} 15. Ndb1 e6 16. Bf3 Rc8 17. Nb5 Ke7
18. N1c3 (18. Bxc6 Rxc6 19. Nxa7 Rc7 20. Nb5 Bxb5 21. cxb5 Ra8 22. a3 Ra5)
18... a6 19. Nd6 Rc7 $11 {1/2-1/2 Smyslov,V-Petrosian,T/JUG ct 1959 (22)})) (9.
Be2 cxd4 10. Nxd4 Nxg3 11. hxg3 Nc6 {Here the B on g7 is very strong.} 12. Qd2
Bd7 13. Rc1 Rc8 14. O-O Qa5 $11 {Anstad-Soloviev, Copenhagen op 1991} (14...
Qa5 {Huzman} 15. Rfd1 $11 {1/2-1/2 Anstad,T-Soloviov,S/Copenhagen op 1991 (60)}
)) 9... Qa5 10. Qc2 (10. Nd2 $6 {is an incorrect P sacrifice. The position is
rather closed, so there is no clear-cut way for an ->.} Nxg3 11. hxg3 Bxc3 12.
bxc3 Qxc3 13. Rb1 Nd7 14. Be2 Nb6 15. Rb3 Qg7 16. Qb1 Bd7 $17 {
Siegel-Gallagher, Switzerland (cht) 1995} (16... Bd7 {Huzman} 17. Ra3 O-O 18.
e4 f5 19. exf5 Bxf5 $17 {1/2-1/2 Siegel,G-Gallagher,J/SWZ-chT 1995 (42)}))
10... Nd7 11. Be2 (11. Rc1 $5 {can be answered by} a6 {/\ b5}) 11... Nb6 $1 {
[%cal Yb6a4,Ya5e1]} 12. Nd2 (12. O-O Nxg3 (12... Bd7 13. Ne4) 13. hxg3 Bxc3 {
This echange of the strong B is Black's main idea by delaying 0-0. The >>
becomes rather weak, but the black K can go to the safe <<. White's doubled
pawns on the c <-> are real targets, as in the Nimzo Indian positions.} (13...
Bd7 14. Nd2) (13... O-O 14. Nd2 {/\ f4}) 14. bxc3 Na4 15. Rac1 Bd7 16. e4 f6 {
and the centre remains closed.}) 12... Nxg3 13. hxg3 Bd7 {[%cal Yb6a4]} (13...
Bxc3 14. bxc3 {[%csl Rg5,Rh6]} Bd7 {looks as a logical plan here creating the
weaknesses as soon as possible. In this case the black K is safer than on the
>>.}) 14. Rc1 (14. O-O {can be met by the standard} Bxc3 15. bxc3 Na4 16. Rac1
O-O-O 17. f4 f6) 14... Na4 15. Nd1 {[%cal Gb2b3]} (15. Nxa4 $5 Bxa4 16. b3 Bd7
17. Bd3 {/\ Ke2 was a serious alternative, because White has a space advantage
in the centre and b7-b5 is not that dangerous.}) 15... b5 16. O-O (16. b3 Nb6)
16... Nb6 17. Nb3 (17. b3 O-O $13) 17... Qa4 (17... Qxa2 {Huzman} 18. Nc3 Qa6
19. cxb5 Qb7 20. Na5 $36) (17... Qa6 {Huzman} 18. cxb5 Bxb5 19. Bxb5+ Qxb5 20.
e4 {[%cal Gd1e3,Ge3f5]}) (17... Qb4 $5 {Huzman} 18. a3 Qa4 19. Nc3 Bxc3 20.
Qxc3 O-O $15) 18. Nc3 Bxc3 19. Qxc3 O-O 20. Nd2 bxc4 21. e4 (21. Bxc4 Nxc4 22.
Nxc4 Bb5) 21... Qb4 {Now Black equalizes the position completely.} (21... f5 {
Huzman} 22. e5 $36) 22. Qxb4 cxb4 23. Nxc4 $11 1/2-1/2

[Event "Rubinstein Memorial 35th"]
[Site "Polanica Zdroj"]
[Date "1998.08.18"]
[Round "2"]
[White "Macieja, Bartlomiej"]
[Black "Ivanchuk, Vassily"]
[Result "1/2-1/2"]
[WhiteElo "2490"]
[BlackElo "2730"]
[Annotator "Gofshtein,L"]
[PlyCount "75"]
[EventDate "1998.08.17"]
[EventType "tourn"]
[EventRounds "11"]
[EventCountry "POL"]
[EventCategory "17"]
[SourceTitle "CBM 067"]
[Source "ChessBase"]
[SourceDate "1998.11.30"]
[SourceVersion "2"]
[SourceVersionDate "1998.11.01"]
[SourceQuality "1"]

1. e4 c5 2. Nc3 Nc6 3. Nf3 d6 4. d4 cxd4 5. Nxd4 Nf6 6. Bc4 Qb6 7. Ndb5 a6 8.
Be3 Qd8 (8... Qa5 9. Nd4 Ng4 10. Nxc6 bxc6 11. Bd2 g6 12. Be2 (12. Qe2 $142 Bg7
13. f4) 12... Ne5 13. Nd5 Qd8 14. Ne3 Bg7 15. Bc3 O-O 16. f4 Qb6 $1 17. Qd2 Nd7
$13 {Atalik-Kontronias,Greece 1998}) 9. Nd4 Ng4 10. Nxc6 bxc6 11. Qf3 (11. Bf4
$5) 11... Ne5 12. Qe2 e6 (12... g6) 13. O-O-O Be7 (13... Nxc4 14. Qxc4 Qc7 $5 {
Ivanchuk}) 14. Bd4 Qc7 (14... Nxc4 15. Qxc4 Qc7 16. Bxg7 Rg8 17. Bh6 Rxg2 18.
Rhg1 Rg6 $13) 15. Bxe5 dxe5 16. Na4 O-O 17. b3 $146 (17. Rd3 Qa5 (17... a5 18.
Rhd1 Rd8) 18. b3 Rb8 19. Qd2 Qxd2+ 20. Kxd2 g6 21. Rd1 Kg7 22. Ke2 a5 23. Rc3
Bb4 24. Rcd3 Be7 25. g3 h5 26. h4 f5 27. Rc3 Bb4 28. Re3 Kf6 29. f4 exf4 30.
e5+ {Ivanchuk-Kramnik,Linares 1998}) 17... Bd7 $1 18. c3 (18. Bxa6 Ba3+ 19. Kb1
Rfb8 20. Ka1 c5 $44) 18... a5 19. Rxd7 $1 (19. Rd3 Rfb8 20. Rhd1 Be8 $15) 19...
Qxd7 20. Nb6 Qa7 21. Nxa8 Rxa8 22. Rd1 g6 $11 (22... a4 23. b4) 23. a4 Rd8 24.
Rxd8+ Bxd8 25. Kd1 Bb6 26. Ke1 Qe7 27. g3 Qa3 28. Kf1 Qc1+ 29. Qe1 Qc2 30. h4
Kf8 31. Kg2 Ke7 32. h5 g5 (32... gxh5 $5 33. Qe2 Qxc3 34. Qxh5 Qc2 35. Qf3 $15)
33. g4 h6 34. Kf3 Kf6 35. Kg2 Kg7 36. Kf3 Kf6 37. Kg3 Bc5 38. Kg2 1/2-1/2

[Event "Rubinstein Memorial 35th"]
[Site "Polanica Zdroj"]
[Date "1998.08.24"]
[Round "7"]
[White "Ivanchuk, Vassily"]
[Black "Gelfand, Boris"]
[Result "1/2-1/2"]
[WhiteElo "2730"]
[BlackElo "2675"]
[Annotator "Smirin,I"]
[PlyCount "41"]
[EventDate "1998.08.17"]
[EventType "tourn"]
[EventRounds "11"]
[EventCountry "POL"]
[EventCategory "17"]
[SourceTitle "CBM 067"]
[Source "ChessBase"]
[SourceDate "1998.11.30"]
[SourceVersion "2"]
[SourceVersionDate "1998.11.01"]
[SourceQuality "1"]

1. e4 c5 2. Nf3 Nc6 3. Bb5 g6 4. Bxc6 dxc6 5. d3 Bg4 6. Nbd2 (6. Nc3 Bg7 7. O-O
e5 8. Be3 b6 9. h3 Bxf3 10. Qxf3 Qd6 11. a4 Nf6 12. Nb1 $5 {[%cal Gb1d2,Gd2c4]}
O-O 13. Nd2 Nd7 14. Qg3 Qe7 15. Rae1 Rfe8 16. Nc4 Bf6 $5 {[%cal Gf6h4]
Preventing f4} 17. Qg4 h5 18. Qd1 b5 19. Na5 Rac8 20. Qa1 Nb6 21. b3 Bg7 22.
Qc3 Bf8 23. Ra1 $14 {Fierro Baquero,M-Ptacnikova,L/WchJW-U18 1994/0-1 (59)}) (
6. h3 Bxf3 7. Qxf3 Bg7 8. Nd2 Nf6 9. Nc4 Nd7 10. Qg3 Nb6 11. Ne3 c4 $6 (11...
O-O $5 {and black is OK,because of disgarmony in placement of whites minor
pieses}) 12. Nxc4 Nxc4 13. dxc4 Qd4 14. Qd3 O-O-O 15. Qe2 $14 {Rublevsky,
S-Kozul,Z/EUCup f 1996/1-0 (53) black has not enough compensation for
sacrifised pawn}) 6... Bg7 7. h3 Bxf3 8. Nxf3 Nf6 (8... e5 9. Be3 Qe7 10. Qd2
Nf6 11. Qc3 Nd7 12. a4 f5 13. Qb3 Rb8 14. a5 f4 15. Bd2 Bf6 16. h4 Qf7 17.
Qxf7+ Kxf7 18. g3 fxg3 19. fxg3 {with better chanses in arising endgame} h6 20.
Ke2 $14 {Tseshkovsky,V-Ivanovic,B/JUG-chT 1997/1/2-1/2 (71)}) 9. Be3 Nd7 (9...
c4 $5 10. e5 (10. Bd4 cxd3 11. Qxd3 O-O $11) 10... Nd7 (10... Nd5 11. dxc4 Nxe3
12. Qxd8+ Rxd8 13. fxe3 $14 {[%cal Ge1e2,Ya1d1]}) 11. d4 (11. e6 $5 fxe6 12. c3
$5 cxd3 13. Qxd3 $44) 11... Nf8 (11... Nb6 12. b3 Qd5 13. O-O $13) 12. Qd2 Ne6
$11 {[%cal Gd8d5]}) 10. Qd2 b6 11. d4 ({Last attempt to get an advantage was} 
11. O-O-O $5 Ne5 (11... O-O 12. Bh6 $36 {[%cal Gh3h4,Gh4h5]}) 12. Nxe5 Bxe5 13.
f4 Bd4 14. c3 Bxe3 15. Qxe3 $14) 11... cxd4 12. Bxd4 e5 $11 {Now the position
is completly equal.} 13. Be3 Nf8 14. O-O-O (14. Qc3 Qc7 15. O-O-O Ne6 16. Qa3
Bf8 $11) 14... Ne6 15. h4 Qxd2+ 16. Rxd2 Ke7 17. Ng5 Rad8 18. Nxe6 Kxe6 19.
Rxd8 Rxd8 20. h5 b5 21. hxg6 1/2-1/2